[Event "TCh-CHN 2018"]
[Site "China CHN"]
[Date "2018.04.14"]
[Round "4.4"]
[Board "2"]
[White "Andreikin, Dmitry"]
[Black "Wang, Yue"]
[Result "1-0"]
[WhiteTitle "GM"]
[BlackTitle "GM"]
[WhiteElo "2719"]
[BlackElo "2683"]
[WhiteTeam "Chongqing Team"]
[BlackTeam "Tianjin Team"]
[WhiteFideId "4158814"]
[BlackFideId "8601429"]
[EventDate "2018.04.11"]

1. d4 Nf6 2. Bg5 d5 3. Nd2 e6 4. e3 h6 5. Bh4 c5 6. c3 Be7 7. Bd3 Qb6 8. Rb1 Bd7
9. a4 Bc6 10. dxc5 Qxc5 11. b4 Qxc3 12. Rb3 Qe5 13. b5 Bd7 14. Bg3 Qh5 15. Ngf3
O-O 16. h3 Be8 17. Bh4 d4 18. exd4 Nbd7 19. Be4 Nxe4 20. Bxe7 Nxd2 21. Qxd2 Qd5
22. Rb4 Nb6 23. Bxf8 Kxf8 24. O-O f6 25. Rc1 Bd7 26. Qf4 1-0

[Event "TCh-CHN 2018"]
[Site "China CHN"]
[Date "2018.04.14"]
[Round "4.4"]
[Board "3"]
[White "Wang, Chen"]
[Black "Li, Yankai"]
[Result "1/2-1/2"]
[WhiteTitle "IM"]
[WhiteElo "2468"]
[BlackElo "2427"]
[WhiteTeam "Chongqing Team"]
[BlackTeam "Tianjin Team"]
[WhiteFideId "8601020"]
[BlackFideId "8609357"]
[EventDate "2018.04.11"]

1. e4 c5 2. Nf3 d6 3. Bb5+ Nc6 4. O-O Bd7 5. Re1 a6 6. Bxc6 Bxc6 7. d4 cxd4 8.
Nxd4 Bd7 9. c4 e6 10. Nc3 Be7 11. Qd3 Nf6 12. b3 O-O 13. Bb2 Qb8 14. Rad1 b5 15.
cxb5 axb5 16. Ndxb5 Bxb5 17. Qxb5 Qxb5 18. Nxb5 Rxa2 19. Bxf6 gxf6 20. g3 Rfa8
21. Kg2 Rb2 22. Rb1 Raa2 23. Rxb2 Rxb2 24. Rd1 Rxb3 25. Nxd6 Rb4 26. Kf3 Rb3+
27. Kg2 Rb4 28. Kf3 Rb3+ 29. Kg2 Rb4 30. Kf3 1/2-1/2

[Event "TCh-CHN 2018"]
[Site "China CHN"]
[Date "2018.04.14"]
[Round "4.4"]
[Board "4"]
[White "Xiao, Yiyi"]
[Black "Tan, Zhongyi"]
[Result "1/2-1/2"]
[WhiteTitle "WFM"]
[BlackTitle "GM"]
[WhiteElo "2295"]
[BlackElo "2513"]
[WhiteTeam "Tianjin Team"]
[BlackTeam "Chongqing Team"]
[WhiteFideId "8606161"]
[BlackFideId "8603642"]
[EventDate "2018.04.11"]

1. Nf3 Nf6 2. g3 d5 3. Bg2 Nbd7 4. d4 e6 5. O-O b5 6. Ne5 Bb7 7. c4 bxc4 8. Nxc4
c6 9. Ne5 Bd6 10. Nxd7 Nxd7 11. e4 dxe4 12. Nc3 O-O 13. Nxe4 Nf6 14. Bg5 Be7 15.
Nc5 Bxc5 16. dxc5 Qxd1 17. Rfxd1 Nd5 18. Bxd5 exd5 19. Re1 Rfe8 20. Bd2 f6 21.
Rxe8+ Rxe8 22. Re1 Rxe1+ 23. Bxe1 Kf7 24. Bc3 Ba6 25. Kg2 Ke6 26. Kf3 Bc4 27. a3
Bb3 28. Bd4 a5 29. Bc3 a4 30. Ke3 h5 31. f3 1/2-1/2

[Event "TCh-CHN 2018"]
[Site "China CHN"]
[Date "2018.04.14"]
[Round "4.4"]
[Board "5"]
[White "Chu, Ruotong"]
[Black "Lei, Tingjie"]
[Result "1/2-1/2"]
[WhiteTitle "WIM"]
[BlackTitle "GM"]
[WhiteElo "2261"]
[BlackElo "2457"]
[WhiteTeam "Tianjin Team"]
[BlackTeam "Chongqing Team"]
[WhiteFideId "8605653"]
[BlackFideId "8605114"]
[EventDate "2018.04.11"]

1. d4 Nf6 2. c4 e6 3. g3 d5 4. Bg2 dxc4 5. Nf3 Bb4+ 6. Bd2 a5 7. Qc2 Bxd2+ 8.
Qxd2 c6 9. a4 Ne4 10. Qf4 Qb6 11. Nbd2 Nxd2 12. Nxd2 Qb4 13. O-O Nd7 14. Rfc1
Nb6 15. Qe3 Bd7 16. Qc3 Nxa4 17. Qxb4 axb4 18. Rxc4 Ke7 19. Rxb4 b5 20. Rb3 Rac8
21. Rc1 c5 22. dxc5 Nxc5 23. Rbc3 Na4 24. Rxc8 Rxc8 25. Rxc8 Bxc8 26. b4 Nc3 27.
e3 Na2 28. Nb1 Bd7 29. Na3 e5 30. Bf1 Nc3 31. f4 Kd6 32. Kf2 exf4 33. exf4 Bc6
34. Ke3 Nd5+ 35. Kd4 Nxb4 1/2-1/2

[Event "TCh-CHN 2018"]
[Site "China CHN"]
[Date "2018.04.14"]
[Round "4.5"]
[Board "1"]
[White "Lin, Yi"]
[Black "Wan, Yunguo"]
[Result "1/2-1/2"]
[BlackTitle "GM"]
[WhiteElo "2359"]
[BlackElo "2529"]
[WhiteTeam "Hangzhou Turbine Team"]
[BlackTeam "Hebei sports lottery chess team"]
[WhiteFideId "8609659"]
[BlackFideId "8603189"]
[EventDate "2018.04.11"]

1. Nf3 d5 2. d4 c6 3. c4 e6 4. e3 Bd6 5. Bd3 f5 6. O-O Nf6 7. b3 Qe7 8. Bb2 O-O
9. Qc1 Ne4 10. Ba3 Nd7 11. Bxd6 Qxd6 12. Qa3 c5 13. Qb2 b6 14. Nc3 Bb7 15. Ne2
Qe7 16. Ne5 dxc4 17. Bxc4 Nd6 18. Bd3 cxd4 19. Nxd7 Qxd7 20. Qxd4 Rad8 21. Rfd1
Qe7 22. Qe5 Nf7 23. Qg3 Rd6 24. Bc4 Rfd8 25. Nc3 e5 26. f3 Rxd1+ 27. Rxd1 Rxd1+
28. Nxd1 Qd6 29. Qe1 Kf8 30. Nc3 Qc5 31. Qd2 Bc6 32. Bd5 Be8 33. g3 Nd6 34. Kg2
b5 35. e4 b4 36. Na4 Qd4 37. Qxd4 exd4 38. Nc5 fxe4 39. Ne6+ Ke7 40. Nxd4 exf3+
41. Kxf3 Kf6 42. Ke3 a5 43. Bg8 h6 44. Bh7 Bf7 45. Bc2 Bd5 46. Bd1 Be4 47. Bf3
Bg6 48. Nc6 Nb5 1/2-1/2

[Event "TCh-CHN 2018"]
[Site "China CHN"]
[Date "2018.04.14"]
[Round "4.5"]
[Board "3"]
[White "Zou, Chen"]
[Black "Peng, Hongchi"]
[Result "1/2-1/2"]
[WhiteTitle "FM"]
[WhiteElo "2384"]
[BlackElo "2273"]
[WhiteTeam "Hangzhou Turbine Team"]
[BlackTeam "Hebei sports lottery chess team"]
[WhiteFideId "8610959"]
[BlackFideId "8609047"]
[EventDate "2018.04.11"]

1. e4 e5 2. Nf3 Nc6 3. Bb5 g6 4. O-O Bg7 5. c3 a6 6. Ba4 Nge7 7. h3 O-O 8. d4 b5
9. Bc2 d6 10. d5 Na5 11. a4 Bd7 12. Nbd2 c6 13. b4 Nb7 14. dxc6 Bxc6 15. axb5
axb5 16. Rxa8 Qxa8 17. c4 Nd8 18. Qe2 Qb8 19. Rd1 Ne6 20. g3 Rc8 21. Ba3 bxc4
22. Nxc4 Bb5 23. Bd3 d5 24. Ncxe5 Ba4 25. Ra1 Nd4 26. Nxd4 Bxe5 27. Bb2 Qxb4 28.
Nf5 gxf5 29. Bxe5 dxe4 30. Qh5 Ng6 31. Qxf5 Re8 32. Qxe4 Qxe4 33. Bxe4 Bd7 34.
Bxg6 Rxe5 1/2-1/2

[Event "TCh-CHN 2018"]
[Site "China CHN"]
[Date "2018.04.14"]
[Round "4.5"]
[Board "4"]
[White "Yang, Yijing"]
[Black "Zhao, Shengxin"]
[Result "1/2-1/2"]
[WhiteTitle "WCM"]
[BlackTitle "WFM"]
[WhiteElo "2035"]
[BlackElo "2133"]
[WhiteTeam "Hebei sports lottery chess team"]
[BlackTeam "Hangzhou Turbine Team"]
[WhiteFideId "8608601"]
[BlackFideId "8608040"]
[EventDate "2018.04.11"]

1. d4 d5 2. c4 dxc4 3. Nf3 Nf6 4. e3 a6 5. Bxc4 b5 6. Bd3 e6 7. O-O c5 8. a4 b4
9. b3 Bb7 10. Bb2 Nbd7 11. Nbd2 a5 12. Bb5 Ba6 13. Bxa6 Rxa6 14. Qe2 Ra8 15. Nc4
cxd4 16. Bxd4 Be7 17. Rfd1 Qc7 18. Rac1 Qb7 19. Nb6 Rd8 20. Qb5 O-O 21. Bxf6
Nxf6 22. Nd5 Qa7 23. Nxe7+ Qxe7 24. Qxa5 Nd5 25. Qc5 Qb7 26. Qc6 Qe7 27. Qc5 Qb7
28. Qc6 Qe7 29. Nd4 Nc3 30. Re1 Rc8 31. Qf3 e5 32. Nf5 Qe6 33. Ra1 g6 34. Ng3
Qxb3 35. a5 Qe6 36. Ne4 b3 37. Nxc3 Rxc3 38. Qb7 Qc8 39. Qb5 Qc7 40. a6 Rb8 41.
Qe2 b2 42. a7 1/2-1/2

[Event "TCh-CHN 2018"]
[Site "China CHN"]
[Date "2018.04.14"]
[Round "4.5"]
[Board "5"]
[White "Zhai, Mo"]
[Black "Zhou, Zirun"]
[Result "1/2-1/2"]
[WhiteTitle "WGM"]
[WhiteElo "2352"]
[BlackElo "2152"]
[WhiteTeam "Hebei sports lottery chess team"]
[BlackTeam "Hangzhou Turbine Team"]
[WhiteFideId "8600201"]
[BlackFideId "8610975"]
[EventDate "2018.04.11"]

1. d4 Nf6 2. c4 e6 3. Nf3 d5 4. Bg5 Be7 5. Nc3 Nbd7 6. e3 O-O 7. Qc2 c6 8. Bd3
h6 9. Bh4 b6 10. cxd5 cxd5 11. O-O Bb7 12. a4 a5 13. Rfc1 Rc8 14. Qb3 Nb8 15.
Ne5 Nfd7 16. Nxd7 Nxd7 17. Bg3 Nb8 18. Nb5 Nc6 19. Rc3 Qd7 20. Rac1 Ba6 21. h3
Bb4 22. R3c2 Bb7 23. Be2 Rfd8 24. Bf4 Qe7 25. Bf3 Qd7 26. g4 Qe7 27. Kg2 g5 28.
Bg3 Kg7 29. Qd3 Qd7 30. Qd1 Ba6 31. Be2 Bb7 32. Qh1 Qe7 33. Qh2 Rd7 34. Bd3 f6
35. h4 Kg8 36. hxg5 hxg5 37. Qh6 Qf7 38. Rh1 Qg7 39. Qxg7+ Rxg7 40. Rh6 Be7 41.
Bg6 Rxg6 42. Rxg6+ Kh7 43. Rxf6 Bxf6 44. Nd6 Nxd4 45. Rxc8 Bxc8 46. Nxc8 Nb3 47.
Bc7 Bxb2 48. Bxb6 Ba3 49. Bd8 Kh6 50. Na7 Bb4 51. Nc6 Bc3 52. Be7 Kg6 53. Kf3
Bf6 54. Bd6 Nd2+ 55. Ke2 Nc4 56. Bc7 Nb2 57. Nxa5 Nxa4 58. Nc6 Nc3+ 59. Kd3 Ne4
60. f3 Nc5+ 61. Ke2 Nd7 62. Bd6 Kf7 63. f4 gxf4 64. exf4 Bg7 65. Kf3 Bf8 66. Bc7
Kg6 67. Nd8 Kf6 68. g5+ Kf5 69. Nc6 Bc5 70. Kg3 d4 71. Kf2 Nf8 72. Ke2 Ng6 73.
Kd3 Nxf4+ 74. Bxf4 Kxf4 75. g6 Bf8 76. Nxd4 Ke5 1/2-1/2

[Event "TCh-CHN 2018"]
[Site "China CHN"]
[Date "2018.04.14"]
[Round "4.6"]
[Board "1"]
[White "Cheparinov, Ivan"]
[Black "Fang, Yan"]
[Result "1-0"]
[WhiteTitle "GM"]
[BlackTitle "IM"]
[WhiteElo "2711"]
[BlackElo "2424"]
[WhiteTeam "Shenzhen Longgang Chess association"]
[BlackTeam "Beijing Beiao team"]
[WhiteFideId "2905540"]
[BlackFideId "8604746"]
[EventDate "2018.04.11"]

1. d4 d5 2. c4 c6 3. Nf3 Nf6 4. g3 e6 5. Bg2 Be7 6. O-O O-O 7. Nc3 b6 8. b3 Bb7
9. Bb2 Nbd7 10. Qd3 Rc8 11. Rfd1 Ba6 12. e4 c5 13. exd5 exd5 14. Nb5 dxc4 15.
bxc4 Bxb5 16. cxb5 c4 17. Qc2 c3 18. Bc1 Nd5 19. a3 Nb8 20. Ne5 Qd6 21. Ra2 Bf6
22. Qb3 Rfd8 23. Re2 a6 24. Ng4 Kf8 25. a4 Be7 26. Rde1 axb5 27. axb5 h5 28.
Bxd5 Qxd5 29. Qxd5 Rxd5 30. Rxe7 hxg4 31. Ba3 Kg8 32. Re8+ Rxe8 33. Rxe8+ Kh7
34. Rxb8 Rxb5 35. Rc8 Rb3 36. Be7 b5 37. d5 b4 38. d6 Rb1+ 39. Kg2 Rd1 40. Rc4 1-0

[Event "TCh-CHN 2018"]
[Site "China CHN"]
[Date "2018.04.14"]
[Round "4.6"]
[Board "2"]
[White "Zhou, Jianchao"]
[Black "Yu, Yangyi"]
[Result "1-0"]
[WhiteTitle "GM"]
[BlackTitle "GM"]
[WhiteElo "2617"]
[BlackElo "2764"]
[WhiteTeam "Shenzhen Longgang Chess association"]
[BlackTeam "Beijing Beiao team"]
[WhiteFideId "8603537"]
[BlackFideId "8603820"]
[EventDate "2018.04.11"]

1. d4 d6 2. Nf3 g6 3. c4 Bg7 4. Nc3 Bg4 5. e3 Nf6 6. h3 Bxf3 7. Qxf3 c6 8. g3
O-O 9. Bg2 e5 10. d5 c5 11. e4 Na6 12. h4 h5 13. Bh3 Qb6 14. Rb1 Nb4 15. Qe2 Qa5
16. Ra1 b5 17. cxb5 a6 18. b6 c4 19. O-O Rab8 20. a3 Nd3 21. Be3 Nxe4 22. Nxe4
f5 23. Nc3 e4 24. Rac1 Rxb6 25. Bxb6 Qxb6 26. Rc2 Re8 27. Nd1 Qb3 28. Ne3 c3 29.
Rxc3 Bxc3 30. bxc3 Rf8 31. Bxf5 gxf5 32. Qxh5 Qxc3 33. Nxf5 Qf6 34. g4 Nf4 35.
Qg5+ Qxg5 36. hxg5 Nh3+ 37. Kg2 Nxg5 38. Rb1 Kf7 39. Rb6 Kf6 40. Rxd6+ Ke5 41.
Rxa6 Kf4 42. Ne3 Nf3 43. Rh6 Ra8 44. Rf6+ Kg5 45. Re6 Kf4 46. d6 Rxa3 47. Nd5+
Kxg4 48. Rxe4+ Kf5 49. Rf4+ 1-0

[Event "TCh-CHN 2018"]
[Site "China CHN"]
[Date "2018.04.14"]
[Round "4.6"]
[Board "3"]
[White "Liu, Qingnan"]
[Black "Li, Chao b"]
[Result "1/2-1/2"]
[WhiteTitle "GM"]
[BlackTitle "GM"]
[WhiteElo "2538"]
[BlackElo "2703"]
[WhiteTeam "Shenzhen Longgang Chess association"]
[BlackTeam "Beijing Beiao team"]
[WhiteFideId "8603294"]
[BlackFideId "8604436"]
[EventDate "2018.04.11"]

1. e4 e6 2. d4 d5 3. exd5 exd5 4. Bd3 Nc6 5. c3 Bd6 6. Qf3 Nf6 7. Bg5 Bg4 8.
Qxg4 Nxg4 9. Bxd8 Nxd8 10. Nf3 O-O 11. O-O Re8 12. Nbd2 Ne6 13. Rfe1 g6 14. g3
c5 15. dxc5 Bxc5 16. Re2 Nc7 17. Rae1 Rxe2 18. Rxe2 Re8 19. Rxe8+ Nxe8 20. Nd4
Ne5 21. Be2 Nd6 22. N2f3 Nec4 23. Bxc4 Nxc4 24. b4 Bb6 25. Ne2 Bc7 26. Kf1 h5
27. Ned4 Nd6 28. Nd2 Kg7 29. Ke2 g5 30. h3 Kf6 31. Nf1 Nc4 32. Ne3 Nxe3 33. Kxe3
g4 34. hxg4 hxg4 35. Nb3 Bb6+ 36. Nc5 Ke5 37. Kd3 Kd6 38. Kd4 Kc6 39. c4 dxc4
40. Kxc4 a6 41. a4 Ba7 42. b5+ axb5+ 43. axb5+ Kb6 44. Kd5 Kc7 45. Ne4 f5 46.
Nc5 Kb6 47. Kc4 Kc7 48. Kd5 Kb6 49. Kc4 Kc7 50. Kd5 1/2-1/2

[Event "TCh-CHN 2018"]
[Site "China CHN"]
[Date "2018.04.14"]
[Round "4.6"]
[Board "4"]
[White "Wang, Yu A."]
[Black "Zhang, Xiaowen"]
[Result "1/2-1/2"]
[WhiteTitle "IM"]
[BlackTitle "WGM"]
[WhiteElo "2303"]
[BlackElo "2318"]
[WhiteTeam "Beijing Beiao team"]
[BlackTeam "Shenzhen Longgang Chess association"]
[WhiteFideId "8601097"]
[BlackFideId "8603219"]
[EventDate "2018.04.11"]

1. e4 e5 2. Nf3 Nc6 3. Nc3 Nf6 4. d4 exd4 5. Nxd4 Bb4 6. Nxc6 bxc6 7. Bd3 d5 8.
exd5 cxd5 9. O-O O-O 10. Bg5 c6 11. Qf3 Bd6 12. Rae1 Rb8 13. Nd1 h6 14. Bxf6
Qxf6 15. Qxf6 gxf6 16. b3 f5 17. Ne3 f4 18. Nf5 Bxf5 19. Bxf5 Kg7 20. Re2 Kf6
21. Bd3 Rfe8 22. Rfe1 Re6 23. g3 Rbe8 24. Kg2 Rxe2 25. Rxe2 Rxe2 26. Bxe2 fxg3
27. hxg3 Bc5 28. f4 Bb6 29. Bd3 Ke6 30. Kf3 Kf6 31. Be2 Ke6 1/2-1/2

[Event "TCh-CHN 2018"]
[Site "China CHN"]
[Date "2018.04.14"]
[Round "4.6"]
[Board "5"]
[White "Wang, Jue"]
[Black "Vo, Thi Kim Phung"]
[Result "1/2-1/2"]
[WhiteTitle "WGM"]
[BlackTitle "WGM"]
[WhiteElo "2367"]
[BlackElo "2354"]
[WhiteTeam "Beijing Beiao team"]
[BlackTeam "Shenzhen Longgang Chess association"]
[WhiteFideId "8604070"]
[BlackFideId "12401838"]
[EventDate "2018.04.11"]

1. e4 e6 2. d4 d5 3. Nc3 Bb4 4. e5 c5 5. a3 Bxc3+ 6. bxc3 Ne7 7. Nf3 h6 8. Bd3
b6 9. O-O c4 10. Be2 Bd7 11. Qd2 Ba4 12. Bd1 Kd7 13. Qf4 Qg8 14. h4 Nbc6 15. h5
Rf8 16. Ra2 Qh7 17. Qh2 Kc7 18. Bf4 Kb7 19. Re1 Rhg8 20. Nd2 a6 21. Nf1 Na7 22.
Bd2 Nb5 23. Ne3 Nc6 24. Rf1 Nc7 25. f4 f5 26. Bf3 Rd8 27. Rb1 Ka7 28. Rab2 Rb8
29. Kf2 Rgf8 30. Qh4 Rf7 31. Qh1 Qg8 32. Qf1 Na5 33. Qe2 Qd8 1/2-1/2

[Event "TCh-CHN 2018"]
[Site "China CHN"]
[Date "2018.05.22"]
[Round "5.1"]
[Board "1"]
[White "Yu, Yangyi"]
[Black "Li, Shilong"]
[Result "1-0"]
[WhiteTitle "GM"]
[BlackTitle "GM"]
[WhiteElo "2764"]
[BlackElo "2498"]
[WhiteTeam "Beijing Beiao team"]
[BlackTeam "Guangdong Ding Xin High Tech Team"]
[WhiteFideId "8603820"]
[BlackFideId "8600678"]
[EventDate "2018.04.11"]

1. e4 e6 2. d4 d5 3. Nc3 Nf6 4. e5 Nfd7 5. f4 c5 6. Nf3 Nc6 7. Be3 a6 8. Ne2 Qb6
9. Qc1 g5 10. fxg5 cxd4 11. Nexd4 Ncxe5 12. Be2 Qc7 13. Qd2 Bg7 14. O-O-O O-O
15. Kb1 Nc4 16. Bxc4 dxc4 17. Ne2 Nc5 18. Qb4 Ne4 19. Ng3 a5 20. Qb5 Nxg3 21.
hxg3 Qc6 22. Qxc6 bxc6 23. Bd4 e5 24. Bxe5 Be6 25. Bf6 Bd5 26. Rh4 Rfe8 27. Rdh1
Be4 28. Kc1 c3 29. Bxc3 Bxc3 30. bxc3 Bg6 31. Re1 Rxe1+ 32. Nxe1 Re8 33. Kd2 Be4
34. c4 Kg7 35. Nf3 c5 36. Rf4 Re6 37. Nh4 Re5 38. g4 Bg6 39. Nf5+ Kf8 40. Kd3
Re1 41. Re4 Ra1 42. Re5 Rxa2 43. Rxc5 Ke8 44. Rc7 Ra3+ 45. Kd4 Ra2 46. c5 Rxc2
47. c6 Kd8 48. Rd7+ Kc8 49. Nd6+ Kb8 50. Rb7+ Ka8 51. c7 Rc6 52. Rb8+ 1-0

[Event "TCh-CHN 2018"]
[Site "China CHN"]
[Date "2018.05.22"]
[Round "5.1"]
[Board "2"]
[White "Li, Chao b"]
[Black "Zhao, Chenxi"]
[Result "1-0"]
[WhiteTitle "GM"]
[WhiteElo "2703"]
[BlackElo "2328"]
[WhiteTeam "Beijing Beiao team"]
[BlackTeam "Guangdong Ding Xin High Tech Team"]
[WhiteFideId "8604436"]
[BlackFideId "8611513"]
[EventDate "2018.04.11"]

1. d4 Nf6 2. c4 b6 3. f3 d5 4. cxd5 Nxd5 5. e4 Nf6 6. Nc3 Bb7 7. Bg5 h6 8. Bh4
e6 9. e5 g5 10. Bf2 Nfd7 11. Bc4 a6 12. Qe2 b5 13. Bb3 c5 14. d5 c4 15. Bc2 Qc7
16. O-O-O b4 17. dxe6 bxc3 18. exd7+ Nxd7 19. e6 cxb2+ 20. Kb1 Nf6 21. Ba4+ Ke7
22. Rd7+ 1-0

[Event "TCh-CHN 2018"]
[Site "China CHN"]
[Date "2018.05.22"]
[Round "5.1"]
[Board "3"]
[White "Fang, Yan"]
[Black "Xu, Yinglun"]
[Result "1/2-1/2"]
[WhiteTitle "IM"]
[BlackTitle "GM"]
[WhiteElo "2424"]
[BlackElo "2531"]
[WhiteTeam "Beijing Beiao team"]
[BlackTeam "Guangdong Ding Xin High Tech Team"]
[WhiteFideId "8604746"]
[BlackFideId "8604940"]
[EventDate "2018.04.11"]

1. e4 c5 2. Nf3 d6 3. Bb5+ Bd7 4. Bxd7+ Nxd7 5. O-O Ngf6 6. Re1 e6 7. c3 Be7 8.
d4 O-O 9. Bg5 cxd4 10. cxd4 h6 11. Bh4 d5 12. e5 Ne4 13. Bxe7 Qxe7 14. Nbd2 Nxd2
15. Qxd2 Rac8 16. Rac1 Nb8 17. g3 Rc6 18. Rc3 Rfc8 19. Rec1 Rxc3 20. Rxc3 Rc6
21. Rxc6 Nxc6 22. Ne1 Qd8 23. Nc2 Qb6 24. b3 Qa6 25. a4 Qa5 26. Qd3 Nb4 27. Qc3
Nc6 28. Qd3 Nb4 29. Qc3 Nc6 30. Qd3 Nb4 1/2-1/2

[Event "TCh-CHN 2018"]
[Site "China CHN"]
[Date "2018.05.22"]
[Round "5.1"]
[Board "4"]
[White "Li, Xueyi"]
[Black "Wang, Yu A."]
[Result "0-1"]
[BlackTitle "IM"]
[WhiteElo "2187"]
[BlackElo "2303"]
[WhiteTeam "Guangdong Ding Xin High Tech Team"]
[BlackTeam "Beijing Beiao team"]
[WhiteFideId "8605912"]
[BlackFideId "8601097"]
[EventDate "2018.04.11"]

1. d4 Nf6 2. c4 e6 3. g3 d5 4. Bg2 Be7 5. Nf3 O-O 6. O-O dxc4 7. Qc2 a6 8. a4
Bd7 9. Ne5 Bc6 10. Nxc6 Nxc6 11. Bxc6 bxc6 12. Rd1 Qd5 13. Nc3 Qh5 14. Kg2 c5
15. f3 Rfd8 16. Be3 Nd5 17. Bf2 Qg6 18. Qxg6 hxg6 19. dxc5 Rab8 20. Nxd5 exd5
21. Bd4 Bf6 22. Bxf6 gxf6 23. Rd2 c6 24. Rad1 Re8 25. Kf2 f5 26. h4 Kg7 27. Re1
Rb4 28. Ra1 Rb3 29. Rc2 Kf6 30. Rd1 Rb4 31. Ra1 Reb8 32. Ra2 Ke5 33. e3 d4 34.
exd4+ Kxd4 35. Ke2 Rb3 36. a5 Re8+ 37. Kf2 Kd3 38. Rc1 Re2+ 39. Kf1 Rexb2 40.
Ra4 c3 41. Rd1+ Rd2 42. Re1 Rbb2 0-1

[Event "TCh-CHN 2018"]
[Site "China CHN"]
[Date "2018.05.22"]
[Round "5.1"]
[Board "5"]
[White "Liu, Manli"]
[Black "Wang, Jue"]
[Result "0-1"]
[BlackTitle "WGM"]
[WhiteElo "2159"]
[BlackElo "2367"]
[WhiteTeam "Guangdong Ding Xin High Tech Team"]
[BlackTeam "Beijing Beiao team"]
[WhiteFideId "8608121"]
[BlackFideId "8604070"]
[EventDate "2018.04.11"]

1. e4 c5 2. Nf3 d6 3. d4 cxd4 4. Nxd4 Nf6 5. Nc3 a6 6. Be2 e5 7. Nb3 Be7 8. Bg5
Be6 9. Bxf6 Bxf6 10. Qd3 O-O 11. Rd1 Be7 12. Nd5 Bxd5 13. Qxd5 Qc7 14. c3 Nd7
15. O-O b5 16. Nd2 Nb6 17. Qb3 Na4 18. Rfe1 Rab8 19. a3 Nc5 20. Qd5 Rfd8 21. Nf1
Bg5 22. g3 a5 23. h4 Bh6 24. Nh2 b4 25. axb4 axb4 26. Ng4 bxc3 27. bxc3 Na4 28.
Nxh6+ gxh6 29. Rc1 Nxc3 30. Qd2 Nxe4 31. Qe3 Nc5 32. Qxh6 Qe7 33. Bg4 Qf8 34.
Qh5 f6 35. Bf5 Rb7 36. Red1 d5 37. Qf3 e4 38. Qe3 Nd3 39. Rc2 Re7 40. Qb6 Rb8
41. Qd6 Re5 42. Qd7 Qe7 43. Qxe7 Rxe7 44. f3 Rb3 45. fxe4 dxe4 46. Kg2 Kg7 47.
Re2 Nc5 48. Rd5 Rc3 49. h5 Kh6 50. g4 Nd3 51. g5+ fxg5 52. Rd6+ Kxh5 53. Rxe4
Nf4+ 54. Kf2 Rf7 55. Bd7 Nd3+ 56. Ke2 Rf2+ 0-1

[Event "TCh-CHN 2018"]
[Site "China CHN"]
[Date "2018.05.22"]
[Round "5.2"]
[Board "1"]
[White "Wan, Yunguo"]
[Black "Cheparinov, Ivan"]
[Result "0-1"]
[WhiteTitle "GM"]
[BlackTitle "GM"]
[WhiteElo "2529"]
[BlackElo "2711"]
[WhiteTeam "Hebei sports lottery chess team"]
[BlackTeam "Shenzhen Longgang Chess association"]
[WhiteFideId "8603189"]
[BlackFideId "2905540"]
[EventDate "2018.04.11"]

1. e4 c5 2. Nf3 d6 3. d4 cxd4 4. Nxd4 Nf6 5. Nc3 a6 6. Bg5 Nbd7 7. Qe2 h6 8. Bh4
g6 9. f4 e5 10. fxe5 dxe5 11. O-O-O Qc7 12. Nb3 b5 13. Qf3 Bg7 14. Kb1 O-O 15.
g4 Bb7 16. a3 Rac8 17. Bd3 Qb6 18. Be1 Qe6 19. Rg1 Nb6 20. h4 Rfd8 21. Bd2 Nc4
22. Bxc4 Rxc4 23. Rde1 b4 24. axb4 Rxb4 25. g5 hxg5 26. hxg5 Nh5 27. Nd5 Rc4 28.
Na5 Rxe4 29. Qxe4 Bxd5 30. Qb4 Rc8 31. Qg4 Qe8 32. Rgf1 e4 33. Re3 Rb8 34. Nb3
a5 35. Bxa5 Bxb3 36. cxb3 Qb5 37. Rfe1 Qxa5 38. Rxe4 Rxb3 39. R1e2 Qb5 40. Qc8+
Kh7 41. Qc1 Qd3+ 0-1

[Event "TCh-CHN 2018"]
[Site "China CHN"]
[Date "2018.05.22"]
[Round "5.2"]
[Board "2"]
[White "Zhang, Ziji"]
[Black "Zhou, Jianchao"]
[Result "1/2-1/2"]
[BlackTitle "GM"]
[WhiteElo "2393"]
[BlackElo "2617"]
[WhiteTeam "Hebei sports lottery chess team"]
[BlackTeam "Shenzhen Longgang Chess association"]
[WhiteFideId "8609470"]
[BlackFideId "8603537"]
[EventDate "2018.04.11"]

1. d4 d5 2. c4 e6 3. Nc3 Bb4 4. cxd5 exd5 5. Nf3 c6 6. Bf4 Bf5 7. e3 Nf6 8. Be2
Nbd7 9. Nd2 h6 10. Qb3 Qb6 11. O-O Be7 12. h3 O-O 13. Rfc1 Rfc8 14. a3 Qxb3 15.
Nxb3 a5 16. f3 a4 17. Nd2 b5 18. e4 Be6 19. Be3 Nb6 20. Bd3 Ne8 21. Re1 Nd6 22.
Rad1 Re8 23. Bf4 Rad8 24. exd5 Nxd5 25. Nxd5 Bxd5 26. Re2 Bg5 27. Rxe8+ Nxe8 28.
Bxg5 hxg5 29. Ne4 Bb3 30. Rd2 Rxd4 31. Nxg5 Kf8 32. Ne4 Bd5 33. Kf2 Bxe4 34.
fxe4 Ke7 35. Ke3 Rd6 36. Rc2 f6 37. Rc5 Nc7 38. h4 Ne6 39. Rc3 Nd8 40. b3 axb3
41. Rxb3 Nf7 42. a4 bxa4 43. Ra3 Ne5 44. Be2 Rd7 45. Rxa4 Rb7 1/2-1/2

[Event "TCh-CHN 2018"]
[Site "China CHN"]
[Date "2018.05.22"]
[Round "5.2"]
[Board "3"]
[White "Peng, Hongchi"]
[Black "Liu, Qingnan"]
[Result "1/2-1/2"]
[BlackTitle "GM"]
[WhiteElo "2273"]
[BlackElo "2538"]
[WhiteTeam "Hebei sports lottery chess team"]
[BlackTeam "Shenzhen Longgang Chess association"]
[WhiteFideId "8609047"]
[BlackFideId "8603294"]
[EventDate "2018.04.11"]

1. e4 c5 2. Nf3 d6 3. d4 cxd4 4. Nxd4 Nf6 5. Nc3 a6 6. Be3 Ng4 7. Bc1 Nf6 8. Be3
e6 9. Be2 Qc7 10. O-O b5 11. a3 Bb7 12. f3 Nbd7 13. Qe1 d5 14. exd5 Nxd5 15.
Nxd5 Bxd5 16. c3 Bd6 17. Qh4 Nb6 18. Rfe1 O-O 19. Bd3 f5 20. Bf2 Rf6 21. Bg3 Na4
22. Bxd6 Qxd6 23. Re2 Nc5 24. Bc2 Bc4 25. Ree1 Bd3 26. Qf2 Bxc2 27. Qxc2 Re8 28.
Rad1 Qb6 29. Kh1 Qc7 30. c4 Na4 31. b3 Nb6 1/2-1/2